Central Library OPAC University of Rajshahi

Basic documents on human rights / (Record no. 58469)

MARC details
000 -LEADER
fixed length control field 00807nam a2200265 a 4500
001 - CONTROL NUMBER
control field 58469
003 - CONTROL NUMBER IDENTIFIER
rucl marc code BD-RjUL
005 - DATE AND TIME OF LATEST TRANSACTION
control field 20211209080627.0
008 - FIXED-LENGTH DATA ELEMENTS--GENERAL INFORMATION
fixed length control field 161218s1981 enk 001 0 eng
020 ## - INTERNATIONAL STANDARD BOOK NUMBER
International Standard Book Number 0198761244
035 ## - SYSTEM CONTROL NUMBER
System control number (BD-RjUL)58593
040 ## - CATALOGING SOURCE
Original cataloging agency DLC
Transcribing agency DLC
Modifying agency BD-RjUL
Language of cataloging eng
041 ## - LANGUAGE CODE
Language code of text/sound track or separate title eng
082 00 - DEWEY DECIMAL CLASSIFICATION NUMBER
Classification number 323.4
Edition number 23
Author mark and year BAS 1985
245 10 - TITLE STATEMENT
Title Basic documents on human rights /
Statement of responsibility, etc. edited by Ian Brownlie
250 ## - EDITION STATEMENT
Edition statement 2nd ed.
260 ## - PUBLICATION, DISTRIBUTION, ETC. (IMPRINT)
Place of publication, distribution, etc. New York :
Name of publisher, distributor, etc. Oxford University Press,
Date of publication, distribution, etc. 1981 [reprinted 1985]
300 ## - PHYSICAL DESCRIPTION
Pagination x, 505 p. ;
Size 25 cm.
500 ## - GENERAL NOTE
General note Includes index.
650 #0 - SUBJECT ADDED ENTRY--TOPICAL TERM
Topical term or geographic name as entry element Human rights.
9 (RLIN) 144669
700 1# - ADDED ENTRY--PERSONAL NAME
Personal name Brownlie, Ian.
856 42 - ELECTRONIC LOCATION AND ACCESS
Materials specified Publisher description
Uniform Resource Identifier <a href="http://www.loc.gov/catdir/enhancements/fy0639/92009841-d.html">http://www.loc.gov/catdir/enhancements/fy0639/92009841-d.html</a>
942 ## - ADDED ENTRY ELEMENTS (KOHA)
Source of classification or shelving scheme Dewey Decimal Classification
Koha item type Books
Holdings
Lost status Source of classification or shelving scheme Damaged status Not for loan Collection code Permanent Location Current Location Shelving location Date acquired Source of acquisition Cost, normal purchase price Total Checkouts Full call number Date last seen Copy number Koha item type
  Dewey Decimal Classification   Not For Loan Non-fiction Central Library, University of Rajshahi Central Library, University of Rajshahi Reading Room 12/03/1986 Karim Inter 14.95   323.4 BAS 1985 18/12/2016 C-1 Books